| 000 | 01294nam a2200337 i 4500 | ||
|---|---|---|---|
| 001 | bg | ||
| 003 | BPK | ||
| 005 | 20220309133757.0 | ||
| 008 | 060825s2006 pl a d |000 0cpol | ||
| 015 | _aPB 17996/2006 | ||
| 020 | _a8391627845 | ||
| 020 | _a8390529548 | ||
| 040 |
_aWA N _cBPK |
||
| 080 | _a001 | ||
| 080 | _a929-052(438) | ||
| 080 | _a(03) | ||
| 100 | 1 |
_aFrankowska, Bożenna _d(1947- ). |
|
| 245 | 1 | 0 |
_aWspółcześni uczeni polscy : _bsłownik biograficzny. _nT. 5, _pSuplement A-Ż / _cred. nauk. Janusz Kapuścik ; red. słownika Marek Halawa ; oprac. i red. haseł Bożenna Frankowska, Anna Koc, Edyta Kostrzewa. |
| 260 |
_aWarszawa : _bOśrodek Przetwarzania Informacji, _c2006. |
||
| 300 |
_a877, [1] s. : _bil. ; _c25 cm. |
||
| 504 | _aBibliogr. podmiotowa przy hasłach. | ||
| 650 | 4 |
_aNauka _zPolska _y20 w. _xbiografie |
|
| 655 | _aSłownik biograficzny | ||
| 700 | 1 |
_aKapuścik, Janusz _d(1932-1999). _eRed. |
|
| 700 | 1 |
_aHalawa, Marek. _eRed. |
|
| 700 | 1 |
_aKoc, Anna _d(1973- ) |
|
| 700 | 1 | _aKostrzewa, Edyta. | |
| 710 | 2 |
_aOśrodek Przetwarzania Informacji (Warszawa) _4pbl. |
|
| 942 |
_2udc _cKS |
||
| 856 |
_uhttp://koha.tu.koszalin.pl/cgi-bin/koha/opac-detail.pl?biblionumber=51852 _yKatalog online BPK |
||
| 999 |
_c51852 _d51852 |
||